000 00669nam a2200301Ia 4500
005 20260401122307.0
008 008 250103s9999 xx 000 0 eng d
020 _a9780748621538
037 _aTB
040 _aEDL
040 _beng
040 _cEDL
041 _2eng
041 _aeng
084 _a305.42 MCH
084 _qEDL
100 _aMcHugh, Nancy Arden
245 0 _aFeminist Philosophies A-Z
245 0 _cMcHugh, Nancy Arden
260 _aEdinburgh
260 _bEdinburgh University Press
260 _c2007
300 _a171p
942 _cTB
942 _h305.42 MCH
999 _c1846283
_d1846283